As it happened : (Record no. 72530)

MARC details
000 -LEADER
fixed length control field 00814nam a22002417a 4500
005 - DATE AND TIME OF LATEST TRANSACTION
control field 20121231115257.0
008 - FIXED-LENGTH DATA ELEMENTS--GENERAL INFORMATION
fixed length control field 121231t xxu||||| |||| 00| 0 eng d
010 ## - LCCN (DPL NO)
LC control number ENG-106490
020 ## - INTERNATIONAL STANDARD BOOK NUMBER
International Standard Book Number 9788178359533
Terms of availability 590.00
035 ## - SYSTEM CONTROL NUMBER
System control number EN-90023
037 ## - SOURCE OF ACQUISITION
Source of stock number/acquisition DBAD/PUB
040 ## - CATALOGING SOURCE
Original cataloging agency DPL
Language of cataloging ENG
082 ## - DEWEY DECIMAL CLASSIFICATION NUMBER
Classification number S
100 ## - MAIN ENTRY--PERSONAL NAME
Personal name Kanwaljit Singh
9 (RLIN) 54584
245 ## - TITLE STATEMENT
Title As it happened :
Statement of responsibility, etc by Kanwaljit Singh
Remainder of title amazing tell-tales of army life /
260 ## - PUBLICATION, DISTRIBUTION, ETC. (IMPRINT)
Place of publication, distribution, etc Delhi
Name of publisher, distributor, etc Kalpaz Publications
Date of publication, distribution, etc 2013
270 ## - ADDRESS
Address C-30, Satyawati Nagar
City Delhi
Postal code 110052
Telephone number 9212729499
Electronic mail address kalpaz@hotmail.com
300 ## - PHYSICAL DESCRIPTION
Extent 216p.
Dimensions 23cm(Hb)
500 ## - GENERAL NOTE
General note Includes index
650 ## - SUBJECT ADDED ENTRY--TOPICAL TERM
9 (RLIN) 54586
942 ## - ADDED ENTRY ELEMENTS (KOHA)
Source of classification or shelving scheme Dewey Decimal Classification
Item type English Books
Call number suffix KAN
Classification part S
Holdings
Withdrawn status Lost status Source of classification or shelving scheme Damaged status Not for loan Collection code Home library Current library Date acquired Source of acquisition Cost, normal purchase price Total Checkouts Full call number Barcode Date last seen Copy number Cost, replacement price Koha item type
    Dewey Decimal Classification     Fiction D.B.Act.Division D.B.Act.Division 31/12/2012 DBAD/PUB 590.00   S KAN EN-90023 31/12/2012 1 590.00 English Books

© Delhi Public Library
Hit Counter
free hit counter